| 000 -ლიდერი |
| ფიქსირებული სიგრძის საკონტროლო ველი |
01601nam a2200253Ia 4500 |
| 001 - საკონტროლო ნომერი |
| საკონტროლო ველი |
8272 |
| 003 - საკონტროლო ნომრის იდენტიფიკატორი |
| საკონტროლო ველი |
GE_BSU |
| 005 - ბოლო ოპერაციის თარიღი და დრო |
| საკონტროლო ველი |
20220530120353.0 |
| 008 - ფიქსირებული სიგრძის მონაცემთა ელემენტები - ზოგადი ინფორმაცია |
| ფიქსირებული სიგრძის საკონტროლო ველი |
181216s2007||||ge |||||||||||||| ||geo|| |
| 020 ## - წიგნის საერთაშორისო სტანდარტული ნომერი |
| International Standard Book Number |
9789994059188 |
| 040 ## - კატალოგიზაციის წყარო |
| Transcribing agency |
GE_BSU |
| 041 ## - ენის კოდი |
| Language code of text/sound track or separate title |
geo |
| 080 ## - უნივერსალური ათობითი კლასიფიკაციის ინდექსი |
| Universal Decimal Classification number |
94(560) ს–45 |
| 100 ## - მთავარი ჩანაწერი - პიროვნების სახელი |
| Personal name |
სვანიძე, მიხეილ |
| 9 (RLIN) |
5829 |
| 245 ## - ცნობა სათაურის შესახებ |
| Title |
თურქეთის ისტორია (1299-2000) = История Турции (1299-2000) = Turkiye Tarihi (1299-2000) / |
| Statement of responsibility, etc |
მიხეილ სვანიძე ; [რედ. გიული ალასანია ; საქ. ეროვნ. მეცნ. აკად., აღმოსავლეთმც. ინ-ტი, თბილ. აზიისა და აფრიკის ინ-ტი]. |
| 264 ## - წარმოების, გამოცემის, დისტრიბუციის და სხვა ცნობები |
| გამოცემის, წარმოების, დისტრიბუციის... ადგილი |
თბილისი : |
| გამოცემის, წარმოების, დისტრიბუციის... სახელწოდება |
არტანუჯი, |
| გამოცემის, წარმოების, დისტრიბუციის... თარიღი |
2007. |
| 300 ## - ფიზიკური აღწერა |
| Extent |
58 გვ. : |
| Other physical details |
ფოტ. ; |
| Dimensions |
25 სმ. |
| 500 ## - ზოგადი შენიშვნა |
| General note |
გარეკანზე: ალექსანდრე II კახეთის მეფის შეხვედრა ოსმალო სარდალ ლალა მუსტაფა ფაშასთან. |
| 504 ## - BIBLIOGRAPHY, ETC. NOTE |
| Bibliography, etc |
ბიბლიოგრ.: გვ. 558-574. |
| 653 ## - INDEX TERM--UNCONTROLLED |
| Uncontrolled term |
თურქეთის ისტორია |
| 700 ## - ADDED ENTRY--PERSONAL NAME |
| Personal name |
ალასანია, გიული |
| Relator term |
რედაქტორი |
| 9 (RLIN) |
13521 |
| 710 ## - ADDED ENTRY--CORPORATE NAME |
| Corporate name or jurisdiction name as entry element |
საქ. ეროვნ. მეცნ. აკად., აღმოსავლეთმც. ინ-ტი, თბილ. აზიისა და აფრიკის ინ-ტი |
| 9 (RLIN) |
13881 |
| 942 ## - ADDED ENTRY ELEMENTS (KOHA) |
| Koha item type |
წიგნი |
| Source of classification or shelving scheme |
|